header

The audacity of races and genders (Record no. 104801)

MARC details
000 -LEADER
fixed length control field 01762nam a2200409Ia 4500
100 1# - MAIN ENTRY--AUTHOR NAME
Personal name Eisenstein, Zillah R.
245 14 - TITLE STATEMENT
Title The audacity of races and genders
260 ## - PUBLICATION, DISTRIBUTION, ETC. (IMPRINT)
Place of publication London ;
-- New York :
Name of publisher Zed Books ;
Place of publication New York :
Name of publisher Distributed in the USA exclusively by Palgrave Macmillan,
Year of publication c2009.
300 ## - PHYSICAL DESCRIPTION
Number of Pages xi, 212 p.
650 #0 - SUBJECT ADDED ENTRY--TOPICAL TERM
Topical Term Presidents
Topical Term Race relations
Topical Term Sex role
Topical Term Sex role
Topical Term World politics
856 40 - ELECTRONIC LOCATION AND ACCESS
Uniform Resource Identifier http://site.ebrary.com/lib/rucke/Doc?id=10359441

No items available.

© 2026 Rongo University
Contact us: librarian | system librarian | Rongo university